[Event "HUN-chT 2324"]
[Site "Hungary"]
[Date "2023.10.29"]
[Round "2.6"]
[White "Szalai, Kornel"]
[Black "Torma, Robert"]
[Result "1/2-1/2"]
[WhiteElo "2383"]
[BlackElo "2415"]
[PlyCount "119"]
[EventDate "2023.10.28"]
[EventType "team-tourn"]
[EventRounds "9"]
[EventCountry "HUN"]
[SourceTitle "Mega2024 Update 01"]
[Source "Chessbase"]
[SourceDate "2023.11.12"]
[SourceVersion "1"]
[SourceVersionDate "2023.11.12"]
[SourceQuality "1"]
[WhiteTeam "Mako Duocor"]
[BlackTeam "Biatorbagy"]
[WhiteTeamCountry "HUN"]
[BlackTeamCountry "HUN"]

1. Nf3 d5 2. b3 c5 3. Bb2 f6 4. c4 d4 5. b4 e5 6. bxc5 Bxc5 7. d3 Nc6 8. g3 f5 9. Bg2 Nf6 10. Nfd2 0-0 11. 0-0 Qe7 12. Nb3 Bd6 13. c5 Bc7 14. Na3 Be6 15. Nb5 Bd5 16. Nd2 Bxg2 17. Kxg2 Rac8 18. Qb3+ Kh8 19. Rfc1 f4 20. Nf3 Qd7 21. Ba3 Na5 22. Qb2 Nc6 23. Qb3 Na5 24. Qb2 Nc6 25. Nd6 Bxd6 26. cxd6 fxg3 27. hxg3 Ng4 28. Rab1 Rf7 29. Qb3 Rcf8 30. Rh1 h6 31. Rh4 Nd8 32. Qd5 Nc6 33. Qe4 Nf6 34. Qg6 Nh7 35. Rb5 Rf6 36. Qg4 Rf5 37. Kg1 a6 38. Nxe5 Nxe5 39. Rxe5 Rxf2 40. Qxd4 Rf1+ 41. Kg2 Qc6+ 42. Ree4 Ng5 43. Rhf4 R1xf4 44. gxf4 Nxe4 45. Qxe4 Qd7 46. Kg3 Re8 47. Qf3 Qe6 48. e4 Qxa2 49. Bc5 Qe6 50. e5 g5 51. Qe4 gxf4+ 52. Kxf4 Rf8+ 53. Ke3 b5 54. Bd4 b4 55. Qh4 Rf7 56. Qh1 b3 57. Qa8+ Kh7 58. Qe4+ Kh8 59. Qa8+ Kh7 60. Qe4+ 1/2-1/2

[Event "HUN-chT 2324"]
[Site "Hungary"]
[Date "2023.10.28"]
[Round "1.6"]
[White "Torma, Robert"]
[Black "Kovacs, Gabor H"]
[Result "0-1"]
[WhiteElo "2415"]
[BlackElo "2398"]
[PlyCount "94"]
[EventDate "2023.10.28"]
[EventType "team-tourn"]
[EventRounds "9"]
[EventCountry "HUN"]
[SourceTitle "Mega2024 Update 01"]
[Source "Chessbase"]
[SourceDate "2023.11.12"]
[SourceVersion "1"]
[SourceVersionDate "2023.11.12"]
[SourceQuality "1"]
[WhiteTeam "Biatorbagy"]
[BlackTeam "Haladas"]
[WhiteTeamCountry "HUN"]
[BlackTeamCountry "HUN"]

1. d4 d5 2. Nf3 Nf6 3. Bf4 e6 4. e3 Bd6 5. Bxd6 cxd6 6. c4 dxc4 7. Bxc4 d5 8. Bd3 Nc6 9. Nc3 Qd6 10. 0-0 0-0 11. Rc1 Bd7 12. a3 Rfc8 13. Re1 Be8 14. Bb1 Na5 15. Qe2 Qd8 16. Ne5 Nc4 17. e4 Nb6 18. Ng4 dxe4 19. Nxf6+ Qxf6 20. Qxe4 g6 21. Qxb7 Bc6 22. Ne4 Bxe4 23. Qxe4 Rxc1 24. Rxc1 Rd8 25. Rd1 Nc4 26. g3 Nxb2 27. Rd2 Nc4 28. Rd3 Qg5 29. Qe1 Qb5 30. Ba2 Nb6 31. Qd2 Kg7 32. h4 h5 33. Kh2 Nd5 34. Rb3 Qc6 35. Rb1 Nf6 36. Rd1 Qf3 37. d5 exd5 38. Qd4 Qxa3 39. Ra1 Qf3 40. Qxa7 Ng4+ 41. Kg1 Ra8 42. Qd4+ Qf6 43. Qxf6+ Kxf6 44. Kf1 Ra3 45. Ke2 Ke5 46. f3 Re3+ 47. Kd2 Rxf3 0-1

[Event "HUN-chT 2223"]
[Site "Hungary"]
[Date "2023.04.23"]
[Round "9.4"]
[White "Antal, Gergely"]
[Black "Torma, Robert"]
[Result "1/2-1/2"]
[WhiteElo "2570"]
[BlackElo "2407"]
[PlyCount "105"]
[EventDate "2022.11.20"]
[EventType "team-tourn"]
[EventRounds "9"]
[EventCountry "HUN"]
[SourceTitle "EXT 2024"]
[Source "ChessBase"]
[SourceDate "2023.10.10"]
[SourceVersion "1"]
[SourceVersionDate "2023.10.10"]
[SourceQuality "1"]
[WhiteTeam "Aquaprofit"]
[BlackTeam "Biatorbagy"]
[WhiteTeamCountry "HUN"]
[BlackTeamCountry "HUN"]

1. e4 e6 2. d4 d5 3. Nd2 h6 4. Ngf3 Nf6 5. e5 Nfd7 6. c4 c5 7. cxd5 exd5 8. Bd3 c4 9. Bb1 Nb6 10. 0-0 Nc6 11. Re1 g5 12. h3 g4 13. hxg4 Bxg4 14. Nf1 Qd7 15. N1h2 Bb4 16. Bd2 Bxd2 17. Qxd2 Bxf3 18. Nxf3 Qg4 19. Rd1 Na4 20. Nh2 Qg5 21. Nf1 Rg8 22. Ne3 h5 23. Qc2 b5 24. b3 Nb6 25. Qf5 c3 26. Qd3 b4 27. a3 Kf8 28. Qb5 Rc8 29. Bf5 Rc7 30. axb4 Qe7 31. Nc2 Qg5 32. Bh3 Ne7 33. Qd3 Ng6 34. Qg3 Qh6 35. Qf3 Nf4 36. Rac1 Qg5 37. Ne1 Rc6 38. Kh2 Qh4 39. Rc2 Rcg6 40. Rxc3 Rxg2+ 41. Nxg2 Rxg2+ 42. Qxg2 Nxg2 43. Kxg2 Qe4+ 44. Rf3 Ke8 45. Bf5 Qh4 46. Bh3 Nd7 47. Rdd3 Nf8 48. Rc3 Ng6 49. Rc8+ Ke7 50. Rc7+ Ke8 51. Rc8+ Ke7 52. Rc7+ Ke8 53. Rc8+ 1/2-1/2

[Event "HUN-chT 2223"]
[Site "Hungary"]
[Date "2023.01.29"]
[Round "4.6"]
[White "Csiki, Endre"]
[Black "Torma, Robert"]
[Result "1/2-1/2"]
[WhiteElo "2312"]
[BlackElo "2407"]
[PlyCount "54"]
[EventDate "2022.11.20"]
[EventType "team-tourn"]
[EventRounds "9"]
[EventCountry "HUN"]
[SourceTitle "CBM 213 Extra"]
[Source "ChessBase"]
[SourceDate "2023.05.31"]
[SourceVersion "1"]
[SourceVersionDate "2023.05.31"]
[SourceQuality "1"]
[WhiteTeam "Dunaharaszti"]
[BlackTeam "Biatorbagy"]
[WhiteTeamCountry "HUN"]
[BlackTeamCountry "HUN"]

1. e4 c5 2. Nf3 e6 3. c4 Nc6 4. Be2 Nf6 5. Nc3 d5 6. exd5 exd5 7. cxd5 Nxd5 8. 0-0 Be7 9. d4 0-0 10. Nxd5 Qxd5 11. dxc5 Qxc5 12. Be3 Qb4 13. Qc2 Be6 14. a3 Qb3 15. Qxb3 Bxb3 16. Nd4 Nxd4 17. Bxd4 Rfd8 18. Bc3 Rac8 19. Bd1 Bxd1 20. Rfxd1 f6 21. Kf1 Kf7 22. Rac1 Rxd1+ 23. Rxd1 Ke6 24. Re1+ Kf7 25. Rd1 Ke6 26. Re1+ Kf7 27. Rd1 Ke6 1/2-1/2

[Event "Budapest FS05 GM"]
[Site "Budapest"]
[Date "2022.05.14"]
[Round "7"]
[White "Srinath, Rao SV"]
[Black "Torma, Robert"]
[Result "1/2-1/2"]
[WhiteElo "2316"]
[BlackElo "2421"]
[PlyCount "88"]
[EventDate "2022.05.07"]
[EventType "tourn"]
[EventRounds "9"]
[EventCountry "HUN"]
[EventCategory "6"]
[SourceTitle "CBM 208 Extra"]
[Source "ChessBase"]
[SourceDate "2022.07.31"]
[SourceVersion "1"]
[SourceVersionDate "2022.07.31"]
[SourceQuality "1"]

1. e4 e6 2. d4 d5 3. Nc3 Bb4 4. e5 c5 5. a3 Bxc3+ 6. bxc3 Ne7 7. h4 Qc7 8. Nf3 b6 9. h5 h6 10. Rh4 Ba6 11. Rg4 Bxf1 12. Kxf1 Rg8 13. a4 Nd7 14. Kg1 Rc8 15. Ne1 Nf5 16. Rf4 g5 17. hxg6 fxg6 18. Rf3 h5 19. Bg5 Nf8 20. Rh3 Nh7 21. Bc1 Qe7 22. a5 Ng5 23. Bxg5 Qxg5 24. axb6 axb6 25. Qb1 Qd8 26. Qb5+ Kf8 27. Ra6 Rb8 28. Nd3 cxd4 29. Nf4 Qe7 30. Rxb6 Rxb6 31. Qxb6 Kf7 32. cxd4 Rc8 33. Ra3 Rc7 34. Ra8 Rb7 35. Qc6 Rc7 36. Rf8+ Qxf8 37. Qxe6+ Kg7 38. Qxg6+ Kh8 39. Qxh5+ Kg8 40. Ne6 Ng7 41. Nxg7 Qxg7 42. f4 Rxc2 43. Qe8+ Kh7 44. Qh5+ Kg8 1/2-1/2

[Event "Budapest FS05 GM"]
[Site "Budapest"]
[Date "2022.05.09"]
[Round "3"]
[White "Torma, Robert"]
[Black "Aveskulov, Valeriy"]
[Result "1/2-1/2"]
[WhiteElo "2421"]
[BlackElo "2531"]
[PlyCount "72"]
[EventDate "2022.05.07"]
[EventType "tourn"]
[EventRounds "9"]
[EventCountry "HUN"]
[EventCategory "6"]
[SourceTitle "CBM 208 Extra"]
[Source "ChessBase"]
[SourceDate "2022.07.31"]
[SourceVersion "1"]
[SourceVersionDate "2022.07.31"]
[SourceQuality "1"]

1. d4 d5 2. c4 e6 3. Nf3 Nf6 4. g3 Be7 5. Bg2 0-0 6. 0-0 dxc4 7. Qc2 a6 8. a4 Bd7 9. Bg5 Bc6 10. Bxf6 Bxf6 11. Rd1 Bxf3 12. Bxf3 c6 13. a5 Nd7 14. Nd2 Bxd4 15. Nxc4 Ba7 16. Ne5 Nxe5 17. Rxd8 Nxf3+ 18. exf3 Raxd8 19. Rd1 Bd4 20. Qb3 Rd7 21. Rxd4 Rxd4 22. Qxb7 c5 23. Qxa6 Rb4 24. Qc6 Rxb2 25. Qxc5 Ra2 26. Qa7 Rd8 27. Kg2 g6 28. a6 Kg7 29. g4 Rd5 30. Qb6 h5 31. Qc6 h4 32. Qc3+ Kg8 33. Qc8+ Kg7 34. Qc3+ Kg8 35. Qc8+ Kh7 36. Qc7 Kg7 1/2-1/2

[Event "HUN-chT 2122"]
[Site "Hungary"]
[Date "2022.03.20"]
[Round "8.7"]
[White "Udvardi, Zalan"]
[Black "Torma, Robert"]
[Result "0-1"]
[WhiteElo "2243"]
[BlackElo "2429"]
[PlyCount "73"]
[EventDate "2021.10.10"]
[EventType "team-tourn"]
[EventRounds "9"]
[EventCountry "HUN"]
[SourceTitle "EXT 2023"]
[Source "ChessBase"]
[SourceDate "2022.10.05"]
[SourceVersion "1"]
[SourceVersionDate "2022.10.05"]
[SourceQuality "1"]
[WhiteTeam "Mako Duocor"]
[BlackTeam "Biatorbagy"]
[WhiteTeamCountry "HUN"]
[BlackTeamCountry "HUN"]

1. e4 e6 2. d4 d5 3. e5 c5 4. c3 Nc6 5. Nf3 Qb6 6. Be2 cxd4 7. cxd4 Nge7 8. Na3 Nf5 9. Nc2 Be7 10. g4 Nh4 11. Nxh4 Bxh4 12. 0-0 Be7 13. f4 Bd7 14. Kh1 g6 15. b4 Nxb4 16. Nxb4 Qxb4 17. Be3 Qa3 18. Bd3 Rc8 19. Qe2 h5 20. f5 hxg4 21. fxg6 fxg6 22. Bc1 Qc3 23. Bb2 Qb4 24. Rg1 g5 25. Rab1 Qa4 26. Bc1 b6 27. Rxg4 Kd8 28. Bxg5 Bxg5 29. Rxg5 Qxd4 30. Rg4 Qc3 31. Qe3 Rc5 32. Rg7 Kc7 33. Rf1 Qb2 34. Qg3 Rd8 35. Qg5 Qa3 36. Bf5 Rc6 37. Bh3 0-1

[Event "World Corporate East C"]
[Site "Chess.com INT"]
[Date "2021.02.20"]
[Round "4.1"]
[White "Vasiljev, Vasily"]
[Black "Torma, Robert"]
[Result "1-0"]
[WhiteElo "2204"]
[BlackElo "2424"]
[PlyCount "105"]
[EventDate "2021.02.19"]
[EventType "team (rapid)"]
[EventRounds "7"]
[EventCountry "USA"]
[SourceTitle "EXT 2022"]
[Source "ChessBase"]
[SourceDate "2021.10.06"]
[SourceVersion "1"]
[SourceVersionDate "2021.10.06"]
[SourceQuality "1"]
[WhiteTeam "Gazprom"]
[BlackTeam "Morgan Stanley"]
[WhiteTeamCountry "RUS"]
[BlackTeamCountry "HUN"]

1. e4 e6 2. d4 d5 3. Nc3 Bb4 4. Nge2 dxe4 5. a3 Bxc3+ 6. Nxc3 Nc6 7. d5 exd5 8. Qxd5 Be6 9. Qxe4 Nf6 10. Qh4 Qd4 11. Qg3 Qe5+ 12. Qxe5 Nxe5 13. Bf4 Nfd7 14. Nb5 Kd8 15. 0-0-0 f6 16. Nd4 Re8 17. Nxe6+ Rxe6 18. Be2 Ke7 19. Rhe1 Nb6 20. Be3 Rd8 21. Bc5+ Ke8 22. Bg4 Rxd1+ 23. Kxd1 Rc6 24. Bxb6 axb6 25. f4 Rc4 26. g3 Kf8 27. Bc8 Rd4+ 28. Kc1 Nf3 29. Re2 Rd6 30. Bxb7 Nd4 31. Rd2 Ke7 32. Be4 f5 33. Bd3 c5 34. b4 Re6 35. Kb2 Nf3 36. Rf2 Nd4 37. c3 Re3 38. Rd2 Nf3 39. Re2 Rxe2+ 40. Bxe2 Nd2 41. Kc2 Ne4 42. Bd3 Nd6 43. Kb3 Kd7 44. c4 Kc6 45. a4 g6 46. Kc3 Nb7 47. Be2 cxb4+ 48. Kxb4 Nc5 49. Bf3+ Kd6 50. Kb5 Kc7 51. a5 Nd7 52. a6 Kb8 53. Kc6 1-0

[Event "Balatonlelle Benko Memorial GM"]
[Site "Balatonlelle"]
[Date "2020.09.05"]
[Round "7"]
[White "Kantor, Gergely"]
[Black "Torma, Robert"]
[Result "1/2-1/2"]
[WhiteElo "2530"]
[BlackElo "2435"]
[PlyCount "73"]
[EventDate "2020.08.31"]
[EventType "tourn"]
[EventRounds "9"]
[EventCountry "HUN"]
[EventCategory "7"]
[SourceTitle "CBM 198 Extra"]
[Source "ChessBase"]
[SourceDate "2020.11.30"]
[SourceVersion "1"]
[SourceVersionDate "2020.11.30"]
[SourceQuality "1"]

1. d4 d5 2. c4 dxc4 3. e4 e5 4. Nf3 Bb4+ 5. Nc3 Nf6 6. Nxe5 b5 7. f3 a6 8. Be3 0-0 9. g4 c5 10. g5 cxd4 11. Qxd4 Qxd4 12. Bxd4 Nfd7 13. 0-0-0 Nxe5 14. Bxe5 Nc6 15. Bg3 Bc5 16. Kb1 Be6 17. Bd6 Bxd6 18. Rxd6 Ne7 19. Be2 Ng6 20. Rhd1 Nf4 21. Bf1 g6 22. Rb6 Rfd8 23. Kc2 Rxd1 24. Kxd1 Bh3 25. Rf6 Bxf1 26. Rxf4 Rd8+ 27. Kc2 Bh3 28. Nd5 Be6 29. Nc7 Rd6 30. Rf6 b4 31. Nd5 a5 32. a3 Rd8 33. axb4 Bxd5 34. exd5 Rxd5 35. bxa5 Rxa5 36. h4 Rb5 37. f4 1/2-1/2

[Event "Balatonlelle Benko Memorial GM"]
[Site "Balatonlelle"]
[Date "2020.09.02"]
[Round "3"]
[White "Kovacevic, Blazimir"]
[Black "Torma, Robert"]
[Result "1-0"]
[WhiteElo "2405"]
[BlackElo "2435"]
[PlyCount "75"]
[EventDate "2020.08.31"]
[EventType "tourn"]
[EventRounds "9"]
[EventCountry "HUN"]
[EventCategory "7"]
[SourceTitle "CBM 198 Extra"]
[Source "ChessBase"]
[SourceDate "2020.11.30"]
[SourceVersion "1"]
[SourceVersionDate "2020.11.30"]
[SourceQuality "1"]

1. c4 f5 2. d4 Nf6 3. Nf3 g6 4. e3 Bg7 5. Be2 0-0 6. Nc3 b6 7. b4 Bb7 8. 0-0 e6 9. a4 Nc6 10. Ba3 Ne7 11. b5 d6 12. Rc1 a6 13. c5 axb5 14. cxd6 cxd6 15. Ng5 Bc8 16. Nxb5 Ne8 17. Qb3 Rf6 18. d5 Nxd5 19. Bf3 Bb7 20. Nd4 Qd7 21. Ndxe6 Qxa4 22. Qxa4 Rxa4 23. Nxg7 Nxg7 24. Bb2 h6 25. Bxf6 Nxf6 26. Bxb7 hxg5 27. Rfd1 Nge8 28. Bc6 Rb4 29. Bxe8 Nxe8 30. Rb1 Rxb1 31. Rxb1 g4 32. Rxb6 Kf7 33. Rb7+ Ke6 34. Kf1 d5 35. Ke2 Nd6 36. Rb6 Ke5 37. f4+ gxf3+ 38. gxf3 1-0

[Event "Balatonlelle Benko Memorial GM"]
[Site "Balatonlelle"]
[Date "2020.09.01"]
[Round "2"]
[White "Torma, Robert"]
[Black "Polajzer, Danilo"]
[Result "1-0"]
[WhiteElo "2435"]
[BlackElo "2220"]
[PlyCount "57"]
[EventDate "2020.08.31"]
[EventType "tourn"]
[EventRounds "9"]
[EventCountry "HUN"]
[EventCategory "7"]
[SourceTitle "CBM 198 Extra"]
[Source "ChessBase"]
[SourceDate "2020.11.30"]
[SourceVersion "1"]
[SourceVersionDate "2020.11.30"]
[SourceQuality "1"]

1. d4 d5 2. Bf4 Nf6 3. e3 c5 4. Nf3 Nc6 5. Nbd2 cxd4 6. exd4 Qb6 7. Nb3 Bg4 8. h3 Bxf3 9. Qxf3 e6 10. c3 a5 11. Rb1 Ne4 12. Bd3 a4 13. Nd2 Nxd2 14. Bxd2 Be7 15. Qh5 g6 16. Qh6 Bf8 17. Qg5 Be7 18. Qg3 Bf6 19. Bh6 e5 20. dxe5 Nxe5 21. 0-0 Nxd3 22. Qxd3 0-0-0 23. Qf3 Qc6 24. Bf4 Rhe8 25. Rfd1 Re4 26. Rd2 Qe6 27. Rbd1 d4 28. cxd4 Bxd4 29. Qc3+ 1-0

[Event "Balatonlelle Benko Memorial GM"]
[Site "Balatonlelle"]
[Date "2020.08.31"]
[Round "1"]
[White "Galyas, Miklos"]
[Black "Torma, Robert"]
[Result "1/2-1/2"]
[WhiteElo "2476"]
[BlackElo "2435"]
[PlyCount "68"]
[EventDate "2020.08.31"]
[EventType "tourn"]
[EventRounds "9"]
[EventCountry "HUN"]
[EventCategory "7"]
[SourceTitle "CBM 198 Extra"]
[Source "ChessBase"]
[SourceDate "2020.11.30"]
[SourceVersion "1"]
[SourceVersionDate "2020.11.30"]
[SourceQuality "1"]

1. c4 f5 2. g3 Nf6 3. Nc3 g6 4. Bg2 Bg7 5. d3 0-0 6. e4 fxe4 7. dxe4 d6 8. Nge2 c5 9. 0-0 Nc6 10. f4 Be6 11. Nd5 Qd7 12. Qd3 Bg4 13. Bd2 Nxd5 14. exd5 Nd4 15. Nc3 a6 16. a4 b5 17. axb5 axb5 18. Rxa8 Rxa8 19. cxb5 Rb8 20. Re1 Nxb5 21. Nxb5 Qxb5 22. Qxb5 Bd4+ 23. Kf1 Rxb5 24. Bc3 Bxc3 25. bxc3 Kf7 26. h3 Bf5 27. g4 Bd3+ 28. Kf2 Rb2+ 29. Ke3 Bc4 30. Be4 Rh2 31. Rh1 Re2+ 32. Kf3 Rd2 33. Ke3 Re2+ 34. Kf3 Rd2 1/2-1/2

[Event "HUN-chT 1920"]
[Site "Hungary"]
[Date "2019.12.15"]
[Round "4.8"]
[White "Torma, Robert"]
[Black "Szalai, Kornel"]
[Result "1/2-1/2"]
[WhiteElo "2429"]
[BlackElo "2380"]
[PlyCount "82"]
[EventDate "2019.11.16"]
[EventType "team-tourn"]
[EventRounds "9"]
[EventCountry "HUN"]
[SourceTitle "CBM 193 Extra"]
[Source "ChessBase"]
[SourceDate "2020.01.31"]
[SourceVersion "1"]
[SourceVersionDate "2020.01.31"]
[SourceQuality "1"]
[WhiteTeam "DVTK"]
[BlackTeam "Mako Duocor"]
[WhiteTeamCountry "HUN"]
[BlackTeamCountry "HUN"]

1. d4 Nf6 2. c4 d6 3. Nc3 g6 4. g3 Bg7 5. Bg2 0-0 6. Nf3 c5 7. d5 Na6 8. 0-0 Nc7 9. a4 Rb8 10. e4 a6 11. a5 b5 12. axb6 Rxb6 13. Ra3 Bg4 14. Qc2 Bxf3 15. Bxf3 Nd7 16. b3 e6 17. Bg2 Qe7 18. Bd2 Rfb8 19. dxe6 Qxe6 20. Na4 R6b7 21. e5 Nxe5 22. Bxb7 Rxb7 23. Qe4 Rb8 24. Nc3 Qh3 25. Nd5 Ne6 26. Be3 Qh5 27. h4 f5 28. Qg2 Nf3+ 29. Kh1 Be5 30. Qh3 Rf8 31. Bf4 Nxf4 32. gxf4 Bd4 33. Rxa6 Nd2 34. Re1 Bxf2 35. Ra8 Bd4 36. Ra7 Ne4 37. Kg2 Kh8 38. Qf3 Qh6 39. Rd1 Bg7 40. Kh3 Rb8 41. Kg2 Rf8 1/2-1/2

[Event "Budapest FS10 GM"]
[Site "Budapest"]
[Date "2019.10.15"]
[Round "9"]
[White "Torma, Robert"]
[Black "Nguyen, Van Huy"]
[Result "1/2-1/2"]
[WhiteElo "2436"]
[BlackElo "2454"]
[PlyCount "70"]
[EventDate "2019.10.05"]
[EventType "tourn"]
[EventRounds "9"]
[EventCountry "HUN"]
[EventCategory "7"]
[SourceTitle "CBM 192 Extra"]
[Source "Chessbase"]
[SourceDate "2019.11.06"]
[SourceVersion "1"]
[SourceVersionDate "2019.11.06"]
[SourceQuality "1"]

1. d4 Nf6 2. c4 e6 3. Nf3 d5 4. Nc3 dxc4 5. e4 Bb4 6. Bg5 c5 7. Bxc4 cxd4 8. Nxd4 Qa5 9. Bd2 Qc5 10. Bb5+ Bd7 11. Nb3 Qe7 12. Bd3 Nc6 13. 0-0 0-0 14. a3 Bd6 15. Kh1 h6 16. f4 e5 17. Nd5 Nxd5 18. exd5 Nd4 19. fxe5 Bxe5 20. Nxd4 Bxd4 21. Qf3 Rae8 22. Bb4 Bc5 23. Rae1 Qd6 24. Rxe8 Bxe8 25. Bc3 Bd7 26. Re1 Re8 27. Rxe8+ Bxe8 28. Qe4 Kf8 29. b4 Bb6 30. Be5 Qd8 31. Bc4 f6 32. d6 Bf7 33. Bxf7 fxe5 34. Qf5 Qf6 35. Qxf6 gxf6 1/2-1/2

[Event "Balaton GM 37th"]
[Site "Balatonlelle"]
[Date "2019.06.19"]
[Round "9"]
[White "Torma, Robert"]
[Black "Girish, A Koushnik"]
[Result "1/2-1/2"]
[WhiteElo "2439"]
[BlackElo "2444"]
[PlyCount "20"]
[EventDate "2019.06.11"]
[EventType "tourn"]
[EventRounds "9"]
[EventCountry "HUN"]
[EventCategory "7"]
[SourceTitle "CBM 191 Extra"]
[Source "ChessBase"]
[SourceDate "2019.09.30"]
[SourceVersion "1"]
[SourceVersionDate "2019.09.30"]
[SourceQuality "1"]

1. d4 Nf6 2. c4 e6 3. Nc3 Bb4 4. Nf3 d5 5. Bg5 h6 6. Bxf6 Qxf6 7. Qa4+ Nc6 8. e3 0-0 9. Be2 dxc4 10. Bxc4 Bd7 1/2-1/2

[Event "Balaton GM 37th"]
[Site "Balatonlelle"]
[Date "2019.06.17"]
[Round "7"]
[White "Torma, Robert"]
[Black "Krstulovic, Alex"]
[Result "1/2-1/2"]
[WhiteElo "2439"]
[BlackElo "2368"]
[PlyCount "52"]
[EventDate "2019.06.11"]
[EventType "tourn"]
[EventRounds "9"]
[EventCountry "HUN"]
[EventCategory "7"]
[SourceTitle "CBM 191 Extra"]
[Source "ChessBase"]
[SourceDate "2019.09.30"]
[SourceVersion "1"]
[SourceVersionDate "2019.09.30"]
[SourceQuality "1"]

1. d4 d5 2. c4 c6 3. cxd5 cxd5 4. Nc3 Nc6 5. Nf3 Nf6 6. Bf4 Bf5 7. e3 e6 8. Qb3 Qb6 9. Qxb6 axb6 10. Nh4 Bg6 11. Rc1 Be7 12. Nxg6 hxg6 13. a3 Kd7 14. h3 Rhc8 15. Bb5 Ra5 16. Bd3 Ne8 17. h4 Bd6 18. Bxd6 Nxd6 19. Ke2 b5 20. Na2 Rca8 21. Rc3 b4 22. Nxb4 Nxb4 23. axb4 Ra2 24. Rc2 R8a4 25. b3 Rxc2+ 26. Bxc2 Rxb4 1/2-1/2

[Event "Balaton GM 37th"]
[Site "Balatonlelle"]
[Date "2019.06.15"]
[Round "5"]
[White "Prraneeth, Vuppala"]
[Black "Torma, Robert"]
[Result "1-0"]
[WhiteElo "2264"]
[BlackElo "2439"]
[PlyCount "79"]
[EventDate "2019.06.11"]
[EventType "tourn"]
[EventRounds "9"]
[EventCountry "HUN"]
[EventCategory "7"]
[SourceTitle "CBM 191 Extra"]
[Source "ChessBase"]
[SourceDate "2019.09.30"]
[SourceVersion "1"]
[SourceVersionDate "2019.09.30"]
[SourceQuality "1"]

1. d4 d5 2. c4 e6 3. Nf3 Nf6 4. g3 dxc4 5. Bg2 Bb4+ 6. Bd2 a5 7. Qc2 Bxd2+ 8. Qxd2 c6 9. a4 Ne4 10. Qc2 Nd6 11. Ne5 Qb6 12. e3 f6 13. Nf3 Na6 14. 0-0 Nb4 15. Qe2 Nd3 16. Ra2 e5 17. Nbd2 Be6 18. dxe5 Nxe5 19. Nxe5 fxe5 20. Qh5+ Nf7 21. Bh3 Bxh3 22. Qxh3 0-0 23. Qh4 Qb4 24. Nxc4 Rad8 25. Rc1 h6 26. Raa1 Rd5 27. Qg4 Ng5 28. h4 Nf3+ 29. Kg2 Kh8 30. Rd1 Qb3 31. Rxd5 cxd5 32. Nd6 Qxb2 33. Nf5 e4 34. Rd1 Qf6 35. Rxd5 g6 36. Qf4 Ne1+ 37. Kf1 gxf5 38. Rd6 Qg7 39. Rxh6+ Kg8 40. Qd6 1-0

[Event "Balaton GM 37th"]
[Site "Balatonlelle"]
[Date "2019.06.12"]
[Round "2"]
[White "Torma, Robert"]
[Black "Kevlishvili, Robby"]
[Result "1/2-1/2"]
[WhiteElo "2439"]
[BlackElo "2473"]
[PlyCount "136"]
[EventDate "2019.06.11"]
[EventType "tourn"]
[EventRounds "9"]
[EventCountry "HUN"]
[EventCategory "7"]
[SourceTitle "CBM 191 Extra"]
[Source "ChessBase"]
[SourceDate "2019.09.30"]
[SourceVersion "1"]
[SourceVersionDate "2019.09.30"]
[SourceQuality "1"]

1. d4 d5 2. c4 c6 3. cxd5 cxd5 4. Bf4 Nc6 5. e3 Nf6 6. Nc3 a6 7. Be2 Bf5 8. Nf3 Nh5 9. Be5 e6 10. Rc1 Nf6 11. 0-0 Nxe5 12. Nxe5 Bd6 13. f4 h6 14. Bd3 Bxd3 15. Qxd3 0-0 16. Rc2 Rc8 17. Rfc1 Rc7 18. h3 Qe7 19. Nb1 Rfc8 20. Rxc7 Rxc7 21. Rxc7 Bxc7 22. Qc2 Ne4 23. Nd2 Ng3 24. Nf1 Ne4 25. Nd2 Nd6 26. Nd3 Nf5 27. Nf1 Bb6 28. Qc8+ Kh7 29. Ne5 f6 30. Nd7 Bd8 31. Nc5 Nd6 32. Qxe6 Qxe6 33. Nxe6 Ba5 34. Kf2 Kg8 35. Nc5 Kf7 36. Ke2 Ke7 37. g4 g6 38. Ng3 f5 39. Nd3 Kf6 40. Ne5 Bd8 41. Kf3 Kg7 42. a3 Bh4 43. a4 Bxg3 44. Kxg3 b5 45. axb5 axb5 46. gxf5 gxf5 47. Kf3 Nc4 48. Nd3 Kf6 49. Ke2 Ke7 50. b3 Na5 51. Nc5 Nc6 52. Kd2 Kd6 53. Nd3 b4 54. Ke2 Ke6 55. Kf3 Kf6 56. Kg3 Kg7 57. Kh4 Kh7 58. Ne5 Ne7 59. Nd3 Kg7 60. Nc5 Kh7 61. Ne6 Kg6 62. Nc7 Kg7 63. Kh5 Kh7 64. Ne8 Ng8 65. Nc7 Ne7 66. Ne6 Ng8 67. Nd8 Ne7 68. Ne6 Ng8 1/2-1/2

[Event "HUN-chT 1819"]
[Site "Hungary"]
[Date "2019.02.24"]
[Round "6.2"]
[White "Torma, Robert"]
[Black "Horvath, David G"]
[Result "0-1"]
[WhiteElo "2476"]
[BlackElo "2375"]
[PlyCount "80"]
[EventDate "2018.11.17"]
[EventType "team-tourn"]
[EventRounds "9"]
[EventCountry "HUN"]
[SourceTitle "CBM 189 Extra"]
[Source "ChessBase"]
[SourceDate "2019.06.03"]
[SourceVersion "1"]
[SourceVersionDate "2019.06.03"]
[SourceQuality "1"]
[WhiteTeam "DVTK"]
[BlackTeam "Kobanya Aquarena"]
[WhiteTeamCountry "HUN"]
[BlackTeamCountry "HUN"]

1. d4 Nf6 2. Nf3 e6 3. Bf4 b6 4. e3 Bb7 5. Nbd2 Be7 6. h3 0-0 7. Bd3 c5 8. c3 d5 9. Qb1 c4 10. Bc2 b5 11. e4 dxe4 12. Nxe4 Nbd7 13. Nxf6+ Nxf6 14. Ne5 Bxg2 15. Rg1 Qd5 16. f3 Bxf3 17. Bh6 Nh5 18. Kf2 Bh4+ 19. Ke3 Bg2 20. Qd1 Nf6 21. Qe2 gxh6 22. Rxg2+ Bg5+ 23. Rxg5+ hxg5 24. Rf1 Qd8 25. Nc6 Nd5+ 26. Kd2 Qc7 27. Bxh7+ Kg7 28. Qh5 Qg3 29. Ne5 Nf6 30. Rxf6 Kxf6 31. Ng4+ Ke7 32. Qxg5+ f6 33. Qxb5 Rfb8 34. Qxc4 Rxb2+ 35. Kc1 Rab8 36. Qc5+ Qd6 37. Qxd6+ Kxd6 38. Nxf6 Rxa2 39. Ne4+ Ke7 40. Nc5 Rf8 0-1

[Event "HUN-chT 1819"]
[Site "Hungary"]
[Date "2019.01.27"]
[Round "4.1"]
[White "Vajda, Szidonia"]
[Black "Torma, Robert"]
[Result "1/2-1/2"]
[WhiteElo "2358"]
[BlackElo "2476"]
[PlyCount "66"]
[EventDate "2018.11.17"]
[EventType "team-tourn"]
[EventRounds "9"]
[EventCountry "HUN"]
[SourceTitle "CBM 188 Extra"]
[Source "ChessBase"]
[SourceDate "2019.02.26"]
[SourceVersion "1"]
[SourceVersionDate "2019.02.26"]
[SourceQuality "1"]
[WhiteTeam "Paks"]
[BlackTeam "DVTK"]
[WhiteTeamCountry "HUN"]
[BlackTeamCountry "HUN"]

1. d4 d5 2. Nf3 Nf6 3. c4 e6 4. e3 a6 5. Qc2 Nbd7 6. Nbd2 dxc4 7. Nxc4 b5 8. Nce5 Nxe5 9. Nxe5 Bb7 10. Bd2 Qd6 11. Rc1 Rc8 12. Nc6 Nd5 13. a4 bxa4 14. Na5 Ba8 15. Qxa4+ Qd7 16. Qc4 Bd6 17. Qxa6 Rb8 18. Nc4 0-0 19. Nxd6 cxd6 20. Qa3 Qb7 21. Rc2 Nb4 22. Bxb4 Qxb4+ 23. Qxb4 Rxb4 24. f3 Rfb8 25. Bd3 Rxb2 26. Kd2 e5 27. dxe5 dxe5 28. Ra1 Rxc2+ 29. Kxc2 Rc8+ 30. Kd2 Rd8 31. Kc3 Rc8+ 32. Kd2 Rd8 33. Kc3 Rc8+ 1/2-1/2